MARC

LEADER 00000nam0a2200000 4500
001 1281
005 20231030173054.0
010 |a 5851730455 
035 |a (RuTPU)RU\TPU\book\1288 
035 |a BOOK00001290 
090 |a 1281 
100 |a 20011209d1995 m y0rusy50 ca 
101 0 |a rus 
102 |a RU 
105 |a y j 000zy 
200 1 |a Экономические основы технологического развития  |e учебное пособие  |f И. Н. Васильева  |g Всероссийский заочный финансово-экономический институт 
210 |a Москва  |c Банки и биржи  |c ЮНИТИ  |d 1995 
215 |a 160 с. 
610 1 |a экономика 
610 1 |a технологии 
610 1 |a технологические процессы 
610 1 |a технологическое развитие 
610 1 |a учебные пособия 
686 |a У9(2)0-551я73  |v LBC/SL-A  |2 rubbk 
700 1 |a Васильева  |b И. Н.  |g Инна Николаевна 
712 0 2 |a Всероссийский заочный финансово-экономический институт  |2 stltpush  |3 (RuTPU)RU\TPU\col\404 
801 0 |a RU  |b 63413507  |c 20011209  |g PSBO 
801 2 |a RU  |b 63413507  |c 20120923  |g PSBO 
942 |c BK